| 000 | 00369nam a2200145Ia 4500 | ||
|---|---|---|---|
| 008 | 230917s9999||||xx |||||||||||||| ||und|| | ||
| 040 |
_e128922 _aMAIN |
||
| 041 | _aEnglish | ||
| 082 | _a820.9 H869O | ||
| 100 | _aHudson, William Henry | ||
| 245 | 0 | _aOutline history of English literature | |
| 260 |
_aBombay _bBI Publications _c1966 |
||
| 300 | _a319 p. | ||
| 942 | _cBK | ||
| 999 |
_c62235 _d62235 |
||